1224 1560 1743 1378 1574 1587 1974 1053 1736 1362 1429 1129 1956 1245 1422 1217 1299 1894 1969 1724 1009 1990 1572 1735 1495 1975 1975 1798 1430 1883 1625 1500 1877 1966 1666 1386 1000 1658 1419 1880 1489 1840 1959 1393 1680 1241 1374 1228 1134 1095 1884 1476 1858 1456 1526 1192 1190 1479 1669 1538 1147 1652 1521 1773 1074 1456 1349 1843 1065 1485 1634 1606 1708 1974 1958 1725 1290 1627 1257 1466 1267 1290 1854 1824 1431 1509 1986 1890 1201 1069 1374 1263 1171 1476 1289 1761 1864 1172 1183 BCNSPRNW ULIB Ver.6.0+V

เปลี่ยนเป็นภาษาไทย

Change to English
 แสดงรายละเอียดบรรณานุกรม
  กลับหน้าหลัก

Brief Record : Get Marc (ISO 2709) : E-mail record : QR code < ปิดหน้าต่าง
LEADER : 00000nam 2200000uu 4500
001    13399122046
003     ULIB
008    121221s2552||||th 000 0 tha d
020    ^a9786167183022
060  4 ^aWJ300^bท184ร 2552
100 0  ^aทวี ศิริวงศ์
245 10 ^aโรคไตทางคลินิก=^bClinical Nephrology/^cทวี ศิริวงศ์
246 31 ^aClinical Nephrology
250    ^aพิมพ์ครั้งที่ 1
260    ^aขอนแก่น:^bมหาวิทยาลัยขอนแก่น,^c2552
300    ^a191 หน้า
650  7 ^aโรคไตทางคลินิก
650  7 ^aโรคไต
710 2  ^aมหาวิทยาลัยขอนแก่น^bคณะแพทย์ศาสตร์^bภาควิชาอายุรศาสตร์^bสาขาวิชาโรคไต
945    ^p0^l0^i17145
945    ^p0^l0^i17146
995    ^aทศพร
999    ^aทศพร เกษรทอง
รายการนี้ยังไม่มีแท็ก
คุณยังไม่ได้ล็อกอิน คุณสามารถมีกิจกรรมร่วมกับเว็บไซต์ได้ แต่ต้องล็อกอินก่อน ::
  ล็อกอิน

รายการสื่อสารสนเทศ

ลำดับที่ ประเภท เลขเรียก/บาร์โค้ด สถานที่ สถานะ
- ไม่พบข้อมูล -

รายการใกล้เคียง
    ผู้แต่ง [ทวี ศิริวงศ์]

    หัวเรื่อง [โรคไตทางคลินิก]
    หัวเรื่อง [โรคไต]

BibComment


ยังไม่เคยถูกคอมเมนท์

คอมเมนท์ทรัพยากรรายการนี้
  คอมเมนท์: โรคไตทางคลินิก C..


 Copyright 2026. Bcnsprnw @Library